000 00560nmm a2200193Ia 4500
008 251105s9999||||xx |||||||||||||||||und||
041 _aspa
100 _aMazzanti, Marcelo E.
245 0 _aEl último oso
264 _a[Madrid, España] :
_bDuomo ediciones,
_c[Fecha de publicación no identificada]
300 _a0 páginas
490 _aInfantil-Juvenil
650 _aLiterature
700 _aMazzanti, Marcelo E.
700 1 _a Pinfold, Levi
700 1 _a Gold, Hannah
856 _uhttps://public.digitaliapublishing.com/a/123994
942 _cCF
999 _c68685
_d68685